[Event "Mittelfranken-chTB2b 1920"]
[Site "Mittelfranken"]
[Date "2020.01.12"]
[Round "4.5"]
[White "Werner, Thomas1111"]
[Black "Borel, Bernd"]
[Result "1-0"]
[WhiteElo "1897"]
[BlackElo "1703"]
[PlyCount "73"]
[EventDate "2019.10.13"]
[EventType "team-tourn"]
[EventRounds "9"]
[EventCountry "GER"]
[SourceTitle "EXT 2023"]
[Source "ChessBase"]
[SourceDate "2022.10.05"]
[SourceVersion "1"]
[SourceVersionDate "2022.10.05"]
[SourceQuality "1"]
[WhiteTeam "Nuernberg Sued SW III"]
[BlackTeam "Grossenseebach"]
[WhiteTeamCountry "GER"]
[BlackTeamCountry "GER"]

1. d4 g6 2. c4 Bg7 3. e4 d6 4. Nc3 e5 5. dxe5 dxe5 6. Qxd8+ Kxd8 7. Bg5+ f6 8. 0-0-0+ Bd7 9. Be3 Bh6 10. Bxh6 Nxh6 11. c5 c6 12. Bc4 Ke7 13. Nf3 Rd8 14. Rd2 b6 15. cxb6 axb6 16. Rhd1 b5 17. Bb3 Na6 18. a3 Nc5 19. Bc2 Be6 20. Rxd8 Rxd8 21. Rxd8 Kxd8 22. h3 Bc4 23. Kd2 Ke7 24. Ke3 Kd6 25. Nd2 Be6 26. b4 Nd7 27. Bb3 f5 28. f4 Bxb3 29. Nxb3 Nb6 30. Na5 exf4+ 31. Kxf4 fxe4 32. Nxe4+ Kd5 33. Nf6+ Kd6 34. Nxh7 Nc4 35. Nxc4+ bxc4 36. Ke4 Nf5 37. g4 1-0

[Event "Mittelfranken-chTB2b 1819"]
[Site "Mittelfranken"]
[Date "2019.03.31"]
[Round "8.3"]
[White "Borel, Bernd"]
[Black "Wagner, Alexander"]
[Result "1-0"]
[WhiteElo "1703"]
[BlackElo "1884"]
[PlyCount "55"]
[EventDate "2018.10.14"]
[EventType "team-tourn"]
[EventRounds "9"]
[EventCountry "GER"]
[SourceTitle "EXT 2022"]
[Source "ChessBase"]
[SourceDate "2021.10.06"]
[SourceVersion "1"]
[SourceVersionDate "2021.10.06"]
[SourceQuality "1"]
[WhiteTeam "Grossenseebach"]
[BlackTeam "Nuernberg Sued SW III"]
[WhiteTeamCountry "GER"]
[BlackTeamCountry "GER"]

1. e4 c6 2. Nc3 d5 3. Nf3 dxe4 4. Nxe4 Bf5 5. Ng3 Bg6 6. h4 h6 7. Ne5 Bh7 8. Qh5 g6 9. Qf3 Nf6 10. Qb3 Qd5 11. Qxb7 Qxe5+ 12. Be2 Qe6 13. Qxa8 Qc8 14. Qxa7 Bg7 15. d3 Nd5 16. Bd2 0-0 17. c4 Nc7 18. Bc3 e5 19. 0-0-0 Ne6 20. Bg4 f5 21. Bf3 Rf7 22. Qa5 Nd7 23. Rhe1 Nd4 24. Bxd4 exd4 25. Re6 c5 26. Bd5 Kh8 27. Rc6 Qb7 28. Rc7 1-0

[Event "Mittelfranken-chTB2b 1819"]
[Site "Mittelfranken"]
[Date "2019.03.03"]
[Round "6.6"]
[White "Golziow, Manfred"]
[Black "Borel, Bernd"]
[Result "1-0"]
[WhiteElo "1763"]
[BlackElo "1703"]
[PlyCount "69"]
[EventDate "2018.10.14"]
[EventType "team-tourn"]
[EventRounds "9"]
[EventCountry "GER"]
[SourceTitle "EXT 2022"]
[Source "ChessBase"]
[SourceDate "2021.10.06"]
[SourceVersion "1"]
[SourceVersionDate "2021.10.06"]
[SourceQuality "1"]
[WhiteTeam "Nuernberg Anderssen"]
[BlackTeam "Grossenseebach"]
[WhiteTeamCountry "GER"]
[BlackTeamCountry "GER"]

1. d4 g6 2. c4 Bg7 3. Nc3 d6 4. e4 e5 5. d5 f5 6. f3 f4 7. Nge2 Nf6 8. g3 g5 9. Bg2 0-0 10. h4 gxh4 11. gxf4 Nh5 12. f5 Bd7 13. Be3 Bf6 14. Qd2 Kh8 15. 0-0-0 a6 16. Rdg1 b5 17. c5 dxc5 18. Bxc5 Rg8 19. Bh3 b4 20. Nd1 a5 21. Rxg8+ Qxg8 22. Rg1 Qf7 23. Nf2 Na6 24. Be3 Rg8 25. Ng4 Bb5 26. Bf1 Rc8 27. Kb1 c6 28. Nh6 Qe7 29. d6 Qd7 30. f4 exf4 31. Bd4 c5 32. Bxf6+ Nxf6 33. e5 Ng8 34. e6 Qb7 35. Nf7+ 1-0

[Event "Mittelfranken-chTB2a 1011"]
[Site "Germany"]
[Date "2010.10.17"]
[Round "2.8"]
[White "Jesch, Alexander"]
[Black "Borel, Bernd"]
[Result "1/2-1/2"]
[WhiteElo "1486"]
[BlackElo "1796"]
[PlyCount "40"]
[EventDate "2010.09.26"]
[EventType "team-tourn"]
[EventRounds "9"]
[EventCountry "GER"]
[SourceTitle "EXT 2012"]
[Source "ChessBase"]
[SourceDate "2011.11.24"]
[SourceVersion "1"]
[SourceVersionDate "2011.11.24"]
[SourceQuality "1"]
[WhiteTeam "Buechenbach/Roth III"]
[BlackTeam "Grossenseebach"]
[WhiteTeamCountry "GER"]
[BlackTeamCountry "GER"]

1. d4 g6 2. c4 Bg7 3. Nc3 d6 4. e4 e5 5. Be3 Nc6 6. Nge2 f5 7. f3 Nf6 8. Qd2 f4 9. Bf2 0-0 10. g4 a6 11. g5 Nh5 12. h4 Rb8 13. d5 Na5 14. Nc1 b6 15. b4 Nb7 16. a4 Bd7 17. b5 axb5 18. cxb5 Nc5 19. Bc4 Ra8 20. Nd3 Nxd3+ 1/2-1/2